000 00940nam a2200253Ia 4500
003 OSt
005 20221005112157.0
006 a|||||r|||| 00| 0
007 ta
008 221004b |||||||| |||| 00| 0 pan d
020 _a8177701045 (hbk)
_c200
024 _a104552
037 _b513, 02/02/2011, H.K. Prakashan
_cTextual
040 _aCRL
_cCRL
_bpan
041 _2pan
_apan
082 _aO153:g, N0;P4
100 _aਸੁਰਿੰਦਰਪਾਅ ਸਿੰਘ, ਥਦ।
245 0 _aਪਰਵਾਸੀ ਪੰਜਾਬੀ ਸਾਹਿਤ
260 _aਅੰਮ੍ਰਿਤਸਰ
_bਗੁਰੂ ਨਾਨਕ ਦੇਵ ਯੂਨੀਵਰਸਿਟੀ ਭਾਰਤ
_c2004
300 _a267ਪੰ
_ccm.
650 _aਪੰਜਾਬੀ ਸਾਹਿਤ
942 _hO153:g, N0;P4
_cTEXL
_2cc
999 _c1024077
_d1024077